|
|
|
|
| LEADER |
00000nmm0a2200000 4500 |
| 001 |
117248 |
| 005 |
20231101215404.0 |
| 010 |
|
|
|a 9785948361222
|
| 035 |
|
|
|a (RuTPU)RU\TPU\book\126911
|
| 090 |
|
|
|a 117248
|
| 100 |
|
|
|a 20070531d2007 m y0rusy50 ca
|
| 101 |
1 |
|
|a rus
|c eng
|
| 102 |
|
|
|a RU
|
| 105 |
|
|
|a a j 001zy
|
| 200 |
1 |
|
|a Цифровая обработка изображений
|e [учебное пособие]
|e пер. с англ.
|f Б. Яне
|
| 210 |
|
|
|a Москва
|c Техносфера
|d 2007
|
| 215 |
|
|
|a 584 с.
|c ил.
|e CD-ROM
|
| 225 |
1 |
|
|a Мир цифровой обработки
|v 11-06
|
| 320 |
|
|
|a Библиография в конце глав.
|
| 330 |
|
|
|a С момента выхода первого издания, опубликованного в 1991 году, "Цифровая обработка изображений" получила широкое применение в качестве учебного пособия. В книге дается полный обзор процесса обработки от получения изображения до выделения интересующих данных. Каждая глава включает упражнения, которые помогут оценить понимание материала, развить полученные навыки и дадут представление о реальных задачах, связанных с обработкой изображений. Большое количество интерактивных упражнений охватывает все рассмотренные в данном пособии темы. К книге прилагается компакт-диск, содержащий программное обеспечение heurisko, а также большую коллекцию изображений, которые могут быть использованы при выполнении упражнений на компьютере. Пособие адресовано всем, кто хочет овладеть практическими навыками работы с изображениями.
|
| 606 |
1 |
|
|a Изображения
|x Обработка на вычислительных машинах
|2 stltpush
|3 (RuTPU)RU\TPU\subj\12289
|9 39100
|
| 610 |
1 |
|
|a цифровая обработка
|
| 610 |
1 |
|
|a случайные величины
|
| 610 |
1 |
|
|a случайные поля
|
| 610 |
1 |
|
|a количественная визуализация
|
| 610 |
1 |
|
|a формирование
|
| 610 |
1 |
|
|a преобразование
|
| 610 |
1 |
|
|a дискретизация
|
| 610 |
1 |
|
|a квантование
|
| 610 |
1 |
|
|a пиксельная обработка
|
| 610 |
1 |
|
|a признаки
|
| 610 |
1 |
|
|a выделение
|
| 610 |
1 |
|
|a анализ
|
| 610 |
1 |
|
|a сегментация
|
| 610 |
1 |
|
|a регуляризация
|
| 610 |
1 |
|
|a моделирование
|
| 610 |
1 |
|
|a морфология
|
| 610 |
1 |
|
|a классификация
|
| 610 |
1 |
|
|a CD-ROM
|
| 610 |
1 |
|
|a учебные пособия
|
| 675 |
|
|
|a 621.397:681.3.01
|v 3
|
| 700 |
|
1 |
|a Яне
|b Б.
|g Бернд
|
| 702 |
|
1 |
|a Измайлова
|b А. М.
|4 730
|
| 801 |
|
1 |
|a RU
|b 63413507
|c 20070531
|g PSBO
|
| 801 |
|
2 |
|a RU
|b 63413507
|c 20221207
|g PSBO
|
| 942 |
|
|
|c MX
|
| 959 |
|
|
|a 46/20070529
|d 2
|e 400,00
|f АНЛ:1
|f ЧЗТЛ:1
|